MARC

LEADER 00000nam0a2200000 4500
001 232397
005 20231101231152.0
035 |a (RuTPU)RU\TPU\book\253440 
090 |a 232397 
100 |a 20130212d1975 k y0rusy50 ca 
101 0 |a rus 
102 |a RU 
105 |a a z 001zy 
200 1 |a Сплавы редких металлов с особыми физико-химическими свойствами  |f Академия наук СССР (АН СССР), Институт металлургии им. А. А. Байкова (ИМЕТ); под ред. Е. М. Савицкого 
210 |a Москва  |c Наука  |d 1975 
215 |a 220 с.  |c ил. 
320 |a Библиография в конце статей 
606 1 |a Сплавы редких металлов  |x Физико-химические свойства  |2 stltpush  |3 (RuTPU)RU\TPU\subj\55978  |9 73929 
610 1 |a соединения 
610 1 |a магнитные свойства 
610 1 |a структуры 
610 1 |a испарение 
610 1 |a окисление 
610 1 |a исследование 
610 1 |a электронное строение 
610 1 |a добавки 
610 1 |a пленки 
610 1 |a монокристаллы 
610 1 |a энтальпия 
675 |a 669.85/.86:54  |v 3 
702 1 |a Савицкий  |b Е. М.  |4 340 
712 0 2 |a Академия наук СССР (АН СССР)  |b Институт металлургии им. А. А. Байкова (ИМЕТ)  |c (Москва)  |2 stltpush  |3 (RuTPU)RU\TPU\col\312 
801 1 |a RU  |b 63413507  |c 20130212 
801 2 |a RU  |b 63413507  |c 20220512  |g RCR 
942 |c BK